000 00194nam a2200085Ia 4500
008 120527s9999 xx 000 0 und d
100 _aWilson, R.D
245 _aSociology in our times
942 _cBK
999 _c27746
_d27746